| 000 | 00424cam a22001097a 4500 | ||
|---|---|---|---|
| 008 | 180718bn.d. xxu||||| |||| 00| 0 eng d | ||
| 082 | _aB811x71 C16c/45/ds | ||
| 100 | _aCanada. Cabinet Committee on Dominion-Provincial Relations | ||
| 245 | _aDominion Subsidies to Provinces including other transfers: reference book for Dominion-Provincial Conference on reconstruction | ||
| 260 |
_aOttawa _bThe author _cn.d. |
||
| 300 | _a70p. | ||
| 999 |
_c488907 _d488907 |
||